Catálogo

Hacia una transformación integral / (Registro nro. 62062)

Detalles MARC
000 -LEADER
fixed length control field 00629nam a2200193 a 4500
001 - CONTROL NUMBER
control field 62062
005 - DATE AND TIME OF LATEST TRANSACTION
control field 20180714063935.0
008 - FIXED-LENGTH DATA ELEMENTS--GENERAL INFORMATION
fixed length control field 150209s1988 ag 000 0 spa d
082 0# - DEWEY DECIMAL CLASSIFICATION NUMBER
Classification number 306.6
Item number PAD
100 1# - MAIN ENTRY--PERSONAL NAME
Personal name Padilla, Washington
Relator term autor
245 #0 - TITLE STATEMENT
Title Hacia una transformación integral /
Statement of responsibility, etc. Washington Padilla.
264 #1 - PRODUCTION, PUBLICATION, DISTRIBUTION, MANUFACTURE, AND COPYRIGHT NOTICE
Place of production, publication, distribution, manufacture Argentina :
Name of producer, publisher, distributor, manufacturer Fraternidad Teológica Latinoamericana,
Date of production, publication, distribution, manufacture, or copyright notice 1988
300 ## - PHYSICAL DESCRIPTION
Extent 98 páginas : ;
Dimensions 21 cm.
336 ## - CONTENT TYPE
Content type term texto
Source rdacontent
337 ## - MEDIA TYPE
Media type term sin mediación
Source rdamedia
338 ## - CARRIER TYPE
Carrier type term volumen
Source rdacarrier
650 #0 - SUBJECT ADDED ENTRY--TOPICAL TERM
Topical term or geographic name entry element Sociología
General subdivision América Latina
650 #0 - SUBJECT ADDED ENTRY--TOPICAL TERM
Topical term or geographic name entry element Sociología cristiana
Existencias
Withdrawn status Lost status Source of classification or shelving scheme Damaged status Not for loan Collection code Home library Current library Shelving location Date acquired Source of acquisition Inventory number Total Checkouts Full call number Barcode Date last seen Price effective from Koha item type
    Dewey Decimal Classification     General Centro de Estudios en Ciencia y Religión Centro de Estudios en Ciencia y Religión Sala general 09/02/2015 Compra 151000000000000000078129   306.6 PAD 1988 93456 05/01/2026 20/11/2015 Libro